Targeting wellness : (Record no. 12197)

000 -LEADER
fixed length control field 00427nam a2200169 a 4500
020 ## - INTERNATIONAL STANDARD BOOK NUMBER
ISBN 0070375755
040 ## - CATALOGING SOURCE
Transcribing agency DLC
082 00 - DEWEY DECIMAL CLASSIFICATION NUMBER
Classification number 613 MCG 1992 A041 Or.
100 1# - MAIN ENTRY--AUTHOR NAME
Personal name Levy, Marvin R.
245 10 - TITLE STATEMENT
Title Targeting wellness :
Remainder of title the core /
260 ## - PUBLICATION, DISTRIBUTION, ETC. (IMPRINT)
Place of publication New York :
Name of publisher McGraw-Hill,
Year of publication c1992.
300 ## - PHYSICAL DESCRIPTION
Number of Pages xiv, 369 p. :
Other physical details ill. ;
Dimensions 26 cm.
650 #0 - SUBJECT ADDED ENTRY--TOPICAL TERM
Topical Term Health.
700 1# - ADDED ENTRY--PERSONAL NAME
Personal name Dignan, Mark B.
700 1# - ADDED ENTRY--PERSONAL NAME
Personal name Shirreffs, Janet H.
942 ## - ADDED ENTRY ELEMENTS (KOHA)
Koha item type សៀវភៅភាសាអង់គ្លេស
952 ## - LOCATION AND ITEM INFORMATION (KOHA)
Withdrawn status [LOCAL, KOHA] 0
Holdings
Permanent Location Date acquired Koha item type Lost status Shelving location Barcode Current Location Full call number
Library Block A2017-08-10សៀវភៅភាសាអង់គ្លេស A041A16798Library Block A613 MCG 1992 A041 Or.
មជ្ឈមណ្ឌលឯការនៃសាកលវិទ្យាល័យភូមិន្ទកសិកម្មចំការដូង

Powered by Koha